|
|
|
|
| LEADER |
00000nam2a2200000 4500 |
| 001 |
124268 |
| 005 |
20231101215847.0 |
| 035 |
|
|
|a (RuTPU)RU\TPU\book\134497
|
| 090 |
|
|
|a 124268
|
| 100 |
|
|
|a 20071030d1978 km y0rusy50 ca
|
| 101 |
0 |
|
|a rus
|
| 102 |
|
|
|a RU
|
| 105 |
|
|
|a a z 001zy
|
| 200 |
0 |
|
|a Вып. 26 : Комбинаторный анализ и теория графов
|f под ред. А. А. Сапоженко
|
| 210 |
|
|
|d 1978
|
| 215 |
|
|
|a 155 с.
|c ил.
|
| 461 |
|
1 |
|0 (RuTPU)RU\TPU\book\161768
|t Вопросы кибернетики
|o сборник статей
|f Академия наук СССР (АН СССР), Научный совет по комплексной проблеме "Кибернетика"
|d 1975-1992
|
| 606 |
1 |
|
|a Кибернетика
|2 stltpush
|3 (RuTPU)RU\TPU\subj\39446
|9 59539
|
| 606 |
1 |
|
|a Комбинаторный анализ
|2 stltpush
|3 (RuTPU)RU\TPU\subj\14825
|9 41151
|
| 606 |
1 |
|
|a Графов теория
|2 stltpush
|3 (RuTPU)RU\TPU\subj\8592
|9 35973
|
| 610 |
1 |
|
|a отображения
|
| 610 |
1 |
|
|a случайные постановки
|
| 610 |
1 |
|
|a комбинаторные свойства
|
| 610 |
1 |
|
|a конфигурации
|
| 610 |
1 |
|
|a изоморфизм
|
| 610 |
1 |
|
|a гиперграфы
|
| 610 |
1 |
|
|a экстремальные задачи
|
| 675 |
|
|
|a 681.5
|v 3
|
| 675 |
|
|
|a 519.1
|v 3
|
| 675 |
|
|
|a 519.17
|v 3
|
| 702 |
|
1 |
|a Сапоженко
|b А. А.
|4 340
|
| 801 |
|
1 |
|a RU
|b 63413507
|c 20071030
|g PSBO
|
| 801 |
|
2 |
|a RU
|b 63413507
|c 20210311
|g PSBO
|
| 942 |
|
|
|c BK
|